1467 1015 1016 1039 1720 1585 1627 1368 1424 1344 1719 1146 1571 1905 1399 1342 1883 1677 1999 1792 1066 1652 1424 1701 1537 1548 1369 1751 1569 1939 1902 1835 1639 1682 1228 1355 1852 1990 1026 1123 1735 1819 1366 1044 1225 1904 1264 1911 1250 1541 1066 1775 1903 1192 1453 1492 1988 1292 1881 1289 1320 1233 1932 1488 1736 1662 1925 1720 1199 1757 1228 1841 1559 1570 1469 1547 1052 1373 1923 1166 1889 1460 1263 1641 1092 1115 1646 1537 1088 1646 1966 1347 1973 1001 1580 1553 1996 1283 1193 BCNSPRNW ULIB Ver.6.0+V

เปลี่ยนเป็นภาษาไทย

Change to English
 แสดงรายละเอียดบรรณานุกรม
  กลับหน้าหลัก

Brief Record : Get Marc (ISO 2709) : E-mail record : QR code < ปิดหน้าต่าง
LEADER : 00000nam 2200000uu 4500
001    13399127753
003     ULIB
008    210519s2562||||th 000 0 tha d
020    ู^a9786160038442
050  0 ^aนว^bก831พ
100    ^aเก้าแต้ม
245    ^aพยัคฆ์ร้ายซ่อนลาย
250    ^aพิมพ์ครั้งที่ 1
260    ^aกรุงเทพฯ :^bพิมพ์คำ,^c2562
300    ^a543 หน้า;^b21 ซม.
650    ^aนวนิยาย
945    ^p380^l0^i28768
999    ^aกัณชพร จุลอักษร
รายการนี้ยังไม่มีแท็ก
คุณยังไม่ได้ล็อกอิน คุณสามารถมีกิจกรรมร่วมกับเว็บไซต์ได้ แต่ต้องล็อกอินก่อน ::
  ล็อกอิน

รายการสื่อสารสนเทศ

ลำดับที่ ประเภท เลขเรียก/บาร์โค้ด สถานที่ สถานะ
1. วิทยาศาสตร์การแพทย์ และสุขภาพ
วิทยาศาสตร์การแพทย์ และสุขภาพ
นว ก831พ ฉ.1 
  Barcode: 28768
ห้องสมุดวิทยาเขตนครสวรรค์
►นวนิยาย:l:Fiction
บนชั้น

รายการใกล้เคียง
    ชื่อเรื่อง [พยัคฆ์ร้ายซ่อนลาย]

    ผู้แต่ง [เก้าแต้ม]

    หัวเรื่อง [นวนิยาย]

BibComment


ยังไม่เคยถูกคอมเมนท์

คอมเมนท์ทรัพยากรรายการนี้
  คอมเมนท์: พยัคฆ์ร้ายซ่อนลาย


 Copyright 2026. Bcnsprnw @Library